000 00316nam a2200133Ia 4500
008 191201s2015 xx 000 0 und d
100 _aPANDEY,I M
245 0 _aFinancial Management
250 _a11th
260 _c2015
_bVikas Publication House
_aNew Delhi
300 _a921
650 _aMBA
942 _2ddc
_cBB
_035
999 _c7646
_d7646